000 00698nam a2200241Ia 4500
003 OSt
005 20220927105158.0
006 a|||||r|||| 00| 0
007 ta
008 220926b |||||||| |||| 00| 0 eng d
024 _a186521
037 _cReference Collections
040 _aRTL
_cRTL
_beng
041 _2eng
_aeng
082 _a"X9(F54).2.N90<N83r, M0"
110 _aMOHAN MEAKIN LIMITED
_9370706
245 0 _a"Annual report,1983-90."
260 _aNew
_bDelhi Mohan Meakin Ltd
_c1990
300 _a60p.
_ccm.
700 _aMOHAN MEAKIN LIMITED
_9370707
942 _h"X9(F54).2.N90<N83r, M0"
_cCC
999 _c691033
_d691033